00463nam a2200193Ia 4500008004100000020001800041050001400059100001900073245003700092245001900129260001500148260001600163260000900179300001400188300002700202300001100229440002100240500000800261170918s9999 xx 000 0 und d a9780721415581 bR961 1993 aRussell, Chris aGoldilocks and the three bears / cChris Russell. aNew York : bScholastic, c1993 aunpaged : bcolored illustration ; c18cm.  aFavourite tales. a360